000 00641nam a2200181Ia 4500
008 151018s9999 xx 000 0 und d
082 _bRBASDV26425
_a615.532
100 _aरमेश रानडे
245 _aहोमीओंपँथीची पायवाट
250 _b1
260 _bसौभाग्य प्रकाशन पुणे
_c1988
300 _a306
600 _aरमेश रानडे
630 _aहोमीओंपँथीची पायवाट
700 _aरमेश रानडे
730 _aहोमीओंपँथीची पायवाट
942 _cBOOK
999 _c1026028
_d1026025